Market leader : (Record no. 2447)

MARC details
000 -LEADER
fixed length control field 00703nam a2200205 ar4500
001 - CONTROL NUMBER
control field 2449
005 - DATE AND TIME OF LATEST TRANSACTION
control field 20221127090436.0
008 - FIXED-LENGTH DATA ELEMENTS--GENERAL INFORMATION
fixed length control field 110209s xxka 00010|eng d
020 ## - INTERNATIONAL STANDARD BOOK NUMBER
International Standard Book Number 9781405881333 :
Terms of availability SR136.00
082 04 - DEWEY DECIMAL CLASSIFICATION NUMBER
Classification number 428.2402465
Item number D852 2006
100 1# - MAIN ENTRY--PERSONAL NAME
Personal name Dubicka, Iwonna.
245 10 - TITLE STATEMENT
Title Market leader :
Remainder of title advanced business English course book /
Statement of responsibility, etc. I. Dubicka, M. O'Keeffe.
250 ## - EDITION STATEMENT
Edition statement 1st ed.
260 ## - PUBLICATION, DISTRIBUTION, ETC.
Place of publication, distribution, etc. Harlow, England :
Name of publisher, distributor, etc. Pearson/Financial Times,
Date of publication, distribution, etc. 2006.
300 ## - PHYSICAL DESCRIPTION
Extent 176 p. :
Other physical details ill. ;
Dimensions 30 cm.
Accompanying material 2 CDs.
650 #4 - SUBJECT ADDED ENTRY--TOPICAL TERM
Topical term or geographic name entry element English language
General subdivision Business English.
650 #4 - SUBJECT ADDED ENTRY--TOPICAL TERM
Topical term or geographic name entry element English language
General subdivision Study and teaching.
650 #4 - SUBJECT ADDED ENTRY--TOPICAL TERM
Topical term or geographic name entry element English language
Form subdivision Textbooks.
700 0# - ADDED ENTRY--PERSONAL NAME
Personal name O'Keeffe, Margaret,
Relator term jt. auth.
Holdings
Withdrawn status Lost status Source of classification or shelving scheme Damaged status Not for loan Home library Current library Date acquired Total Checkouts Full call number Barcode Date last seen Copy number Price effective from Koha item type
              11/27/2022   428.2402465 D852 2006 1000000009649 11/27/2022 C1 11/27/2022 Book
              11/27/2022   428.2402465 D852 2006 1000000009528 11/27/2022 C2 11/27/2022 CD
              11/27/2022   428.2402465 D852 2006 1000000009527 11/27/2022 C3 11/27/2022 CD